000 00456nam a2200181Ia 4500
001 19269
005 20260306171731.0
008 260306s9999||||xx |||||||||||||| ||und||
041 _aESP
082 _a658.827
_bK38 2008
100 _aKeller, Kevin Lane
_eAUT
245 0 _aAdministración estratégica de marca:
_bBranding
260 _c2008
300 _axix, 692 páginas :
_c27 cm.
650 _aGEN
654 _aCAN
942 _cLIB
_dJUS
_fJUS
_2ddc
_n
999 _c19269
_d19269